Preguntas frecuentes sobre alivios fiscales para la población victima de la violencia / (Registro nro. 37053)

Detalles MARC
000 -CABECERA
Longitud fija campo de control 00955nam a2200217 4500
003 - • IDENTIFICADOR DELl NÚMERO DE CONTROL
Identificador del número de control CO-ViMGA
040 ## - FUENTE DE LA CATALOGACIÓN
Centro catalogador de origen CO-ViMGA
Lengua de catalogación spa
Centro transcriptor CO-ViMGA
082 04 - • NÚMERO DE LA CLASIFICACIÓN DECIMAL DEWEY
Número de clasificación (R) 336.20986
Número del ítem M33p1
110 ## - • PUNTO DE ACCESO PRINCIPAL-NOMBRE DE ENTIDAD CORPORATIVA
Nombre de entidad corporativa o nombre de jurisdicción como elemento inicial Medellin
Unidad subordinada Unidad Municipal de Atención y Reparación a Victimas del Conflicto Armado
245 10 - • TITULO PROPIAMENTE DICHO
Título Preguntas frecuentes sobre alivios fiscales para la población victima de la violencia /
Mención de responsabilidad, etc. Alcaldia de Medellin, Unidad Municipal de Atención y Reparación a Victimas del Conflicto Armado
250 ## - • MENCIÓN DE EDICIÓN
Mención de edición 2a.
300 ## - • DESCRIPCIÓN FÍSICA
Extensión 91 p.
Material Anexo + CD
650 14 - • PUNTO DE ACCESO ADICIONAL DE MATERIA - TÉRMINO DE MATERIA
Término de materia o nombre geográfico como elemento inicial Bienes patrimoniales
650 14 - • PUNTO DE ACCESO ADICIONAL DE MATERIA - TÉRMINO DE MATERIA
Término de materia o nombre geográfico como elemento inicial Desplazamiento forzado
Subdivisión geográfica Antioquia (Colombia)
650 14 - • PUNTO DE ACCESO ADICIONAL DE MATERIA - TÉRMINO DE MATERIA
Término de materia o nombre geográfico como elemento inicial Exension de impuestos
Subdivisión de forma Preguntas y respuestas
Subdivisión cronológica Colombia
650 14 - • PUNTO DE ACCESO ADICIONAL DE MATERIA - TÉRMINO DE MATERIA
Término de materia o nombre geográfico como elemento inicial Impuestos inmobiliarios
Subdivisión geográfica Antioquia (Colombia)
650 14 - • PUNTO DE ACCESO ADICIONAL DE MATERIA - TÉRMINO DE MATERIA
Término de materia o nombre geográfico como elemento inicial Ley 1448 de 2011
Subdivisión de materia general Aplicacion
650 14 - • PUNTO DE ACCESO ADICIONAL DE MATERIA - TÉRMINO DE MATERIA
Término de materia o nombre geográfico como elemento inicial Victimas de la violencia
Subdivisión de materia general impuestos
942 ## - ENTRADA DE ELEMENTOS AGREGADOS (KOHA)
Fuente de clasificaión o esquema Dewey Decimal Classification
Koha [por defecto] tipo de item LIbro
Existencias
Perdido Fuente de clasificación o esquema Estado Físico No para préstamo Forma de adquisición Localización permanente Localización actual Fecha adquisición Coste, precio normal de compra Préstamos totales Signatura completa Código de barras Fecha última consulta Fecha del precio de reemplazo Tipo de item de Koha Localización en estanterías Número de copia
  Dewey Decimal Classification     Colección General Biblioteca Pública Acacias - Carlos María Hernández Rojas Biblioteca Pública Acacias - Carlos María Hernández Rojas 05/07/2025     336.20986 M33p1 ACA02518 05/07/2025 05/07/2025 LIbro General Ej.1
  Dewey Decimal Classification     Colección General Biblioteca Pública Acacias - Carlos María Hernández Rojas Biblioteca Pública Acacias - Carlos María Hernández Rojas 05/07/2025     336.20986 M33p1 ACA02519 05/07/2025 05/07/2025 LIbro General Ej.2
  Dewey Decimal Classification     Colección General Biblioteca Pública Acacias - Carlos María Hernández Rojas Biblioteca Pública Acacias - Carlos María Hernández Rojas 05/07/2025     336.20986 M33p1 ACA02520 05/07/2025 05/07/2025 LIbro General Ej.3
  Dewey Decimal Classification     Sala Especializada Tercer Piso Biblioteca Pública Germán Arciniegas - Villavicencio Biblioteca Pública Germán Arciniegas - Villavicencio 09/04/2018 1.00   336.20986 M33p1 32410 09/04/2018 09/04/2018 LIbro    
  Dewey Decimal Classification     Sala Especializada Tercer Piso Biblioteca Pública Germán Arciniegas - Villavicencio Biblioteca Pública Germán Arciniegas - Villavicencio 09/04/2018 1.00   336.20986 M33p1 32409 09/04/2018 09/04/2018 LIbro    
  Dewey Decimal Classification     Sala Especializada Tercer Piso Biblioteca Pública Germán Arciniegas - Villavicencio Biblioteca Pública Germán Arciniegas - Villavicencio 09/04/2018 1.00   336.20986 M33p1 32408 09/04/2018 09/04/2018 LIbro    
  Dewey Decimal Classification     Colección General Biblioteca Pública Puerto Concordia Biblioteca Pública Puerto Concordia 01/20/2026     336.20986 M33p1 PCON00207 01/20/2026 01/20/2026 LIbro General Ej.1









Instituto Departamental de Cultura del Meta - Red Departamental de Bibliotecas Públicas del Meta.